000 00956nam a22002417a 4500
003 LK-CoDNM
005 20241014103001.0
008 241014b |||||||| |||| 00| 0 eng d
040 _aLK-CoDNM
_dLK-CoDNM
_eLK-CoDNM
041 _asin
080 _aප්‍ර.ක
_b28.1
100 _aඅහුංගල්ලේ ඕ. චිත්‍රානන්‍ද
245 _aකළුනික මාසික සගරාව - 1955
_b2 කාණ්ඩය 12 කලාපය
260 _aබලපිටිය
_bවිජේපාල මුද්‍රණාලය
_c1955
300 _b320p. ; 24 cm
650 _aකළුනික මාසික සගරාව - 1955
650 _aඅහුංගල්ලේ ඕ. චිත්‍රානන්‍ද
650 _a2 කාණ්ඩය 12 කලාපය
650 _aවිජේපාල මුද්‍රණාලය
650 _a1955
650 _aප්‍ර.ක 28.1
942 _cBK
999 _c219156
_d219156